Country Quiz: Tajikistan 🇹🇯 - Statistics

General Stats
  • This quiz has been taken 20 times
  • The average score is 13 of 25
Answer Stats
Hint Answer % Correct
Capital Dushanbe
94%
Time zones 1 (UTC+5)
89%
Main Religion Islam
89%
Language Tajik
89%
Year of Independence 1991
83%
Kyrgyzstan
83%
Between 1929-1990s, Tajikistan was part of this union Soviet Union
83%
Uzbekistan
83%
Bordering Countries Afghanistan
78%
China
78%
1/44 Countries to lack access to any ocean, otherwise known as... Landlocked
72%
Between the 13-14th century, Tajikistan fell under the rule of this empire Mongol empire
61%
In 1907, Tajikistan was hit by this type natural disaster; culminating in the deaths of more than 12,000 people Earthquake
56%
State-Condition Republic
56%
Nationality Tajikistani
50%
Currency Somoni
33%
Founding Father and Most Famous Leader (1994-) Emomalii Rahmon
28%
Second-Largest City Khujand
28%
Type of Government Presidential / Unitary
22%
National Animal Caspian Tiger
11%
Climate Continental
11%
Main River Syr Darya
11%
National Sport Gushtigiri
6%
Main Export (goods) Gold
0%
Former KGB major and arms dealer, nicknamed the "Merchant of Death" Viktor But
0%
No matching quizzes found
Score Distribution
Percent of People with Each Score
Percentile by Number Answered
Your Score History
You have not taken this quiz